Gaming Quiz

Random Gaming or Color Quiz

Pocket Frogs Traits Quiz Stats

 Plays Quiz not verified by Sporcle

Support Sporcle.
Go Orange.
Score 0/92 Timer 08:00
0 Plays Today
Trait Type Trait % Correct
Primary ColorRed
96.1%
Primary ColorBlue
93.7%
Primary ColorYellow
91.3%
Primary ColorGreen
90.6%
Primary ColorOrange
89.8%
Primary ColorBlack
87.4%
Primary ColorPurple
84.3%
Primary ColorWhite
78.7%
Primary ColorPink
78%
Breed Level 1Anura
77.2%
Primary ColorMaroon
74%
Primary ColorGlass
74%
Primary ColorLime
71.7%
Primary ColorGolden
70.9%
Primary ColorTangelo
69.3%
Primary ColorViolet
69.3%
Primary ColorAqua
67.7%
Primary ColorAzure
65.4%
Secondary ColorChroma
64.6%
Breed Level 2Velatus
63.8%
Primary ColorRoyal
62.2%
Secondary ColorCeres
61.4%
Breed Level 3Puncti
61.4%
Secondary ColorViola
60.6%
Breed Level 2Crustalli
60.6%
Secondary ColorAlbeo
59.1%
Primary ColorEmerald
58.3%
Primary ColorOlive
58.3%
Primary ColorBeige
58.3%
Breed Level 3Clunicula
58.3%
Breed Level 4Zebrae
58.3%
Trait Type Trait % Correct
Primary ColorCocos
57.5%
Secondary ColorTingo
57.5%
Secondary ColorMuscus
57.5%
Breed Level 3Marmorea
57.5%
Primary ColorMarine
56.7%
Secondary ColorPicea
55.9%
Breed Level 3Lanterna
55.9%
Secondary ColorFolium
55.1%
Secondary ColorBruna
55.1%
Secondary ColorCallaina
54.3%
Secondary ColorAurum
53.5%
Breed Level 8Nimbilis
53.5%
Breed Level 8Cesti
53.5%
Breed Level 4Africanus
53.5%
Breed Level 9Amfractus
52.8%
Breed Level 4Adamantis
52%
Breed Level 6Mixtus
52%
Secondary ColorCaelus
51.2%
Secondary ColorPruni
51.2%
Secondary ColorCafea
50.4%
Breed Level 7Stellata
50.4%
Breed Level 10Sol
50.4%
Breed Level 4Ludo
48.8%
Breed Level 5Roboris
48.8%
Secondary ColorFloris
48%
Breed Level 3Tribus
48%
Breed Level 3Glacio
48%
Breed Level 5Partiri
48%
Breed Level 7Spinae
47.2%
Secondary ColorCarota
46.5%
Breed Level 5Nasus
46.5%
Trait Type Trait % Correct
Breed Level 7Serpentis
46.5%
Breed Level 5Bovis
44.9%
Breed Level 10Ornatus
44.1%
Breed Level 6Viduo
42.5%
Breed Level 6Calyx
42.5%
Breed Level 9Sagitta
42.5%
Breed Level 11Ligo
42.5%
Breed Level 16Magus
40.9%
Breed Level 14Pingo
40.2%
Breed Level 11Lucus
39.4%
Breed Level 16Veru
38.6%
Breed Level 12Corona
37.8%
Breed Level 12Arbor
37.8%
Breed Level 14Biplex
37.8%
Breed Level 6Dextera
37.8%
Breed Level 15Floresco
37%
Breed Level 13Insero
36.2%
Breed Level 15Calvaria
35.4%
Breed Level 5Marinus
34.6%
Breed Level 15Bulbus
34.6%
Breed Level 13Ocularis
33.9%
Breed Level 10Obaro
31.5%
Breed Level 8Bulla
28.3%
Breed Level 7Geminus
27.6%
Breed Level 9Orbis
26%
Breed Level 14Trivium
26%
Breed Level 16Signum
26%
Breed Level 13Gyrus
25.2%
Breed Level 11Persona
24.4%
Breed Level 12Vinaceus
22.8%

You're not logged in!

Compare scores with friends on all Sporcle quizzes.
OR
Log In

From the Vault

Angry Brands

by Slinenfest

They've added plenty of brands to Angry Birds. Let's see what happens when you flip that around.
Remove Ads.
Support Sporcle.
Get the best of Sporcle when you Go Orange. This ad-free experience offers more features, more stats, and more fun while also helping to support Sporcle. Thank you for becoming a member.

Show Comments

Extras

Top Quizzes Today


Score Distribution

Your Account Isn't Verified!

In order to create a playlist on Sporcle, you need to verify the email address you used during registration. Go to your Sporcle Settings to finish the process.

Report this User

Report this user for behavior that violates our Community Guidelines.

Details: